| 000 | 00446cam a2200205 4500 | ||
|---|---|---|---|
| 001 | D5512 | ||
| 008 | 090401t1963 xxu||||| |||| 00| 0 eng d | ||
| 035 | _a(Sirsi) u97347 | ||
| 041 | _aeng | ||
| 050 | _a711.026 | ||
| 100 | _aHeap, D. | ||
| 245 | 3 | _aAn outline of planning law | |
| 250 | _a4th | ||
| 260 |
_bSweet and Maxwell _c1963 |
||
| 300 | _a240p | ||
| 350 | _a0 | ||
| 520 | _aPress 2 Shelf 34 | ||
| 942 | _n0 | ||
| 948 | _c04/03/1997 | ||
| 999 |
_c98855 _d98855 |
||